Mujeres peligrosas
Uloženo v:
| Hlavní autoři: | , |
|---|---|
| Médium: | Kniha |
| Jazyk: | španělština |
| Vydáno: |
Madrid
Instituto Julio Caro Baroja
2019
|
| Vydání: | 1a. ed |
| Edice: | Anejos de la Revista de Historiografía, 9
|
| Témata: | |
| Tagy: |
Přidat tag
Žádné tagy, Buďte první, kdo vytvoří štítek k tomuto záznamu!
|
MARC
| LEADER | 00000cam a2200000 a 4500 | ||
|---|---|---|---|
| 001 | UCC9309 | ||
| 003 | CL-VaPUC | ||
| 008 | 190914e20190000sp |||||||||||||||||spa|d | ||
| 020 | |a 9788413240633 | ||
| 082 | 0 | 4 | |a 305.409 |b FUE |2 21 |
| 100 | 0 | |a Fuente Pérez, María Jesús |e author |9 604304 | |
| 700 | 0 | |a Ruiz Franco, Rosario |e author |9 604305 | |
| 245 | 1 | 0 | |a Mujeres peligrosas |
| 250 | |a 1a. ed | ||
| 300 | |a 319 p | ||
| 942 | |c BK | ||
| 945 | |d 20190914 23:07:00 |a dcastane | ||
| 260 | |a Madrid |b Instituto Julio Caro Baroja |c 2019 | ||
| 650 | 0 | |a Mujeres en la historia |9 283363 | |
| 583 | |a last modification |c 20190914 23:07:00 |k Rodrigo Vera | ||
| 490 | 0 | |a Anejos de la Revista de Historiografía, 9 | |
| 999 | |c 375495 |d 375493 | ||
| 952 | |0 0 |1 0 |3 erb |4 0 |6 305_409000000000000_FUE_2019 |7 0 |8 A |9 494484 |a BIBHIS |b BIBHIS |i 5601371 |o 305.409 FUE 2019 |p 5601371 |r 2025-01-20 |w 2019-11-24 |y BK |z Catalogado en:20190914 |k HIS | ||